|
|
|
|
| LEADER |
02048nam a22004573i 4500 |
| 001 |
EBC5494946 |
| 003 |
MiAaPQ |
| 005 |
20231204023214.0 |
| 006 |
m o d | |
| 007 |
cr cnu|||||||| |
| 008 |
231204s2017 xx o ||||0 eng d |
| 020 |
|
|
|a 9783110526042
|q (electronic bk.)
|
| 020 |
|
|
|z 9783110526035
|
| 035 |
|
|
|a (MiAaPQ)EBC5494946
|
| 035 |
|
|
|a (Au-PeEL)EBL5494946
|
| 035 |
|
|
|a (OCoLC)1021276808
|
| 040 |
|
|
|a MiAaPQ
|b eng
|e rda
|e pn
|c MiAaPQ
|d MiAaPQ
|
| 082 |
0 |
|
|a 305.231087
|
| 100 |
1 |
|
|a Barron, Carol.
|
| 245 |
1 |
0 |
|a Barriers to Play and Recreation for Children and Young People with Disabilities :
|b Exploring Environmental Factors.
|
| 250 |
|
|
|a 1st ed.
|
| 264 |
|
1 |
|a Warschau/Berlin :
|b Walter de Gruyter GmbH,
|c 2017.
|
| 264 |
|
4 |
|c Ã2017.
|
| 300 |
|
|
|a 1 online resource (50 pages)
|
| 336 |
|
|
|a text
|b txt
|2 rdacontent
|
| 337 |
|
|
|a computer
|b c
|2 rdamedia
|
| 338 |
|
|
|a online resource
|b cr
|2 rdacarrier
|
| 505 |
0 |
|
|a Intro -- Contents -- Biography -- 1 Introduction -- 2 Overview of Play Studies -- 3 The Right to Play -- 4 Definition of Disability -- 6 Methodology -- 7 Findings -- 8 Discussion and Conclusion -- 9 Recommendations -- References.
|
| 588 |
|
|
|a Description based on publisher supplied metadata and other sources.
|
| 590 |
|
|
|a Electronic reproduction. Ann Arbor, Michigan : ProQuest Ebook Central, 2023. Available via World Wide Web. Access may be limited to ProQuest Ebook Central affiliated libraries.
|
| 655 |
|
4 |
|a Electronic books.
|
| 700 |
1 |
|
|a Beckett, Angharad.
|
| 700 |
1 |
|
|a Coussens, Marieke.
|
| 700 |
1 |
|
|a Desoete, Annemie.
|
| 700 |
1 |
|
|a Cannon Jones, Nan.
|
| 700 |
1 |
|
|a Lynch, Helen.
|
| 700 |
1 |
|
|a Prellwitz, Maria.
|
| 700 |
1 |
|
|a Fenney Salkeld, Deborah.
|
| 776 |
0 |
8 |
|i Print version:
|a Barron, Carol
|t Barriers to Play and Recreation for Children and Young People with Disabilities
|d Warschau/Berlin : Walter de Gruyter GmbH,c2017
|z 9783110526035
|
| 797 |
2 |
|
|a ProQuest (Firm)
|
| 856 |
4 |
0 |
|u https://ebookcentral.proquest.com/lib/matrademy/detail.action?docID=5494946
|z Click to View
|